Statistiken für Biologie Baumarten

Klicken Sie hier um das Quiz zu spielen!

Allgemein

  • Dieses Quiz wurde 1.278 mal gespielt
  • Das Durchschnittsergebnis liegt bei 13 aus 21

Antwortstatistiken

Antwort% Korrekt
Eiche
97%
Berg-Ahorn
95%
Feld-Ahorn
95%
Spitz-Ahorn
95%
Edelkastanie
90%
Rosskastanie
90%
Hainbuche
87%
Rotbuche
87%
Karpaten-Birke
77%
Gemeine-Hasel
74%
Sommerlinde
60%
Winterlinde
60%
Eber-Esche
56%
Gemeine-Esche
56%
Sal-Weide
42%
Silber-Weide
42%
Schwarz-Erle
38%
Zitter-Pappel
36%
Flatter-Ulme
28%
Platane
15%
Robinie
11%

Verteilung der Resultate

Perzentil nach korrekt beantworteten Fragen

Anzahl Personen mit jedem Resultat

Ihre Resultats-Entwicklung

Sie haben dieses Quiz noch nicht gespielt